Normal view
MARC view
- Ross, Stewart,
Entry Nombre Personal
001 - NUMERO DE CONTROL
- campo de control: 37863
003 - IDENTIFICADOR DE NUMERO DE CONTROL
- campo de control: UPN
005 - FECHA Y HORA DE LA ÜLTIMA TRANSACCIÓN
- campo de control: 20210219194529.0
008 - DATOS DE LONGITUD FIJA
- campo de control de longitud fija: nabaccnnaabn|||||||||| b |nc|||||d
035 ## - NUMERO DE CONTROL
- Número de control: UPN11000009970
040 ## - FUENTE DE CATALOGACIÓN
- Lenguaje de catalogación: SPA
- Agencia de transcripción: UPN
100 1# - ENCABEZAMIENTO - NOMBRE PERSONAL
- Nombre personal: Ross, Stewart,
- Fechas asociadas con el nombre: 1947-
500 1# - MENCIÓN DE REFERENCIA “VÉASE ADEMÁS”- NOMBRE DE PERSONA
- Personal name: Stewart, Alex,
- Dates associated with a name: 1947-
670 ## - FUENTE EN LA QUE SE LOCALIZARON DATOS
- Cita de la fuente: LC/P
680 ## - NOTA PUBLICA DE ACCESO PÚBLICO
- Frase explicativa de la referencia: Escritor e historiador inglés. Utiliza también el seudónimo de Alex Stewart
902 ## - CATALOGADOR
- Catalogador: CAA/281015
